000 00399nam a22001697a 4500
005 20160624143435.0
008 160624b xxu||||| |||| 00| 0 eng d
020 _a0-7619-9424-6
041 _aeng
082 _b9858
100 _aValladars, June A
_92687
245 _aThe Craft of Copyloriting
260 _bResrouse
_c2000
300 _a277
650 _aMass Communication
_92660
942 _cBK
999 _c3872
_d3871